| 000 -LEADER |
| fixed length control field |
00656nam a2200217Ia 4500 |
| 001 - CONTROL NUMBER |
| control field |
4193 |
| 003 - CONTROL NUMBER IDENTIFIER |
| control field |
GE_BSU |
| 008 - FIXED-LENGTH DATA ELEMENTS--GENERAL INFORMATION |
| fixed length control field |
181216s||||||||xx |||||||||||||| ||und|| |
| 040 ## - CATALOGING SOURCE |
| Transcribing agency |
GE_BSU |
| 080 ## - UNIVERSAL DECIMAL CLASSIFICATION NUMBER |
| Universal Decimal Classification number |
665.4(03) |
| 100 ## - MAIN ENTRY--PERSONAL NAME |
| Personal name |
Кушниренко,К.Ф. |
| 245 ## - TITLE STATEMENT |
| Title |
Краткий справочник по горючему. |
| 245 ## - TITLE STATEMENT |
| Statement of responsibility, etc. |
Ред.B.C Жидков. |
| 250 ## - EDITION STATEMENT |
| Edition statement |
Изд. третье, переработанное и дополненное. |
| 260 ## - PUBLICATION, DISTRIBUTION, ETC. |
| Place of publication, distribution, etc. |
М. |
| 260 ## - PUBLICATION, DISTRIBUTION, ETC. |
| Name of publisher, distributor, etc. |
Воениздат. |
| 260 ## - PUBLICATION, DISTRIBUTION, ETC. |
| Date of publication, distribution, etc. |
1979. |
| 300 ## - PHYSICAL DESCRIPTION |
| Extent |
381 стр. 17 см. |
| 653 ## - INDEX TERM--UNCONTROLLED |
| Uncontrolled term |
Краткий справочник по горючему. |
| 942 ## - ADDED ENTRY ELEMENTS (KOHA) |
| Koha item type |
წიგნი |